000
00182nam a2200073Ia 4500
008
170817s9999 xx 000 0 und d
100
_a
AAHUJA BALIRAM
245
0
_a
SHIKSHA KE ADHAR BHUT SIDHANT
260
_b
OMEGA PUB
999
_c
37506
_d
37506